| 000 | 00558nam a2200193 i 4500 | ||
|---|---|---|---|
| 001 | 82831 | ||
| 003 | ES-MaACL | ||
| 005 | 20250830063928.0 | ||
| 007 | t| | ||
| 008 | 041112s1972 sp ||||1| spa d | ||
| 245 | 0 | 3 |
_aLa Iglesia, sacramento de libertad / _cI.M. Sans... [et al.]. |
| 260 |
_aBilbao : _bUniversidad de Deusto, _c1972. |
||
| 300 |
_a209 p. ; _c23 cm. |
||
| 490 | 1 |
_aTeología Deusto ; _v1 |
|
| 700 | 1 |
_aSans, I. M. _9103202 |
|
| 830 | 0 | 0 |
_aTeología Deusto _v1 _9185747 |
| 852 |
_aES-MaACL _jC-49391 _bR.84089 |
||
| 999 |
_c82831 _d82831 |
||